01138nam a2200265Ia 4500001000600000003000900006008004100015040001300056040001300069041001300082100001800095100002900113245006500142245006500207250001100272260000900283260001200292260004900304300004300353500036900396650002800765650003100793700001900824700002900843B6238IT-RoPAU130308s9999 xx 000 0 und d aIT-RoPAU cIT-RoPAU aITALIANO aPoppi Roberto gCodice Aut. SPICS: 38931 aDizionario del cinema italiano-4/1.2-I film dal 1970 al 1979 bDizionario del Cinema Italiano-4/1.2-I Film dal 1970 al 1979 a1a ed. aROMA bGremese c1996 [1° Ed.:1996 - Ed.Ling.Originale:1996] a"880 p. (prefazione: no ; testo: 880)" aTutte le informazioni Possibili Relative Alle Pellicole Prodotte in Questodecennio. Di Ogni Film viene fornita una scheda con Dati Tecnici, Cast, Trama e commenti Critici. Migliaia di Schede in Ordine Alfabetico dei titoli Italiani dei Film. in Appendice al Secondo Volume: indice cronologico dei Film, indice dei registi in Generale, indice dei registi Stranieri. aENCICLOPEDIE DEL CINEMA eCodice materia Spics: 6801 aPecorari Mario gCodice Aut. SPICS: 39000